Polityka sredniookresowa.
Tézy diskusie konanej 4. júla 1991 na Ústrednom plánovacom úrade vo Varšave a pripomienky 9 expertov. Cieľ poľskej hospodárskej transformácie. Nutné organizačné a inštitucionálne premeny v r. 1992-1994. Sektorová politika. Vplyv hospodárskej spolupráce so zahraničím na poľskú ekonomiku. Dilema rozde...
Salvato in:
| Natura: | Capitolo di libro |
|---|---|
| Lingua: | polacco |
| Soggetti: | |
| Tags: |
Nessun Tag, puoi essere il primo ad aggiungerne!!
|
MARC
| LEADER | 00000naa a2200000 4500 | ||
|---|---|---|---|
| 001 | r006541 | ||
| 005 | 20221125122929.3 | ||
| 041 | 0 | |a pol | |
| 044 | |a PL | ||
| 245 | 1 | 0 | |a Polityka sredniookresowa. |
| 520 | |a Tézy diskusie konanej 4. júla 1991 na Ústrednom plánovacom úrade vo Varšave a pripomienky 9 expertov. Cieľ poľskej hospodárskej transformácie. Nutné organizačné a inštitucionálne premeny v r. 1992-1994. Sektorová politika. Vplyv hospodárskej spolupráce so zahraničím na poľskú ekonomiku. Dilema rozdeľovania. | ||
| 610 | 2 | 0 | |a politika hospodárska |
| 610 | 2 | 0 | |a reformy hospodárske |
| 610 | 2 | 0 | |a PR |
| 610 | 2 | 0 | |a spolupráca hospodárska medzinárodná |
| 610 | 2 | 0 | |a rozvoj hospodársky |
| 610 | 2 | 0 | |a 1992-1994 |